Top 20 państw szerszych niż wyższych - Statystyki

Ogólne statystyki
  • Ten quiz został rozwiązany 3 469 razy
  • Średni wynik to 10 z 20
Statystyki odpowiedzi
Stosunek Kontynent Państwo % Poprawnych
2,26 Europa Rosja
93%
1,80 Ameryka Północna Stany Zjednoczone
86%
2,14 Azja Mongolia
72%
1,76 Azja Kazachstan
71%
2,39 Ameryka Północna Kuba
68%
2,58 Azja Turcja
64%
2,06 Europa Słowacja
63%
1,85 Azja Nepal
58%
1,76 Europa Czechy
56%
2,56 Ameryka Północna Jamajka
54%
2,96 Afryka Gambia
43%
1,85 Azja Bhutan
41%
2,22 Azja Kirgistan
39%
1,77 Azja Gruzja
33%
1,78 Afryka Republika Środkowoafrykańska
33%
2,04 Ameryka Północna Honduras
32%
2,08 Ameryka Północna Salwador
32%
2,04 Azja Cypr
26%
2,36 Azja Timor Wschodni
19%
2,09 Afryka Gwinea Bissau
13%
Nie znaleziono quizów pasujących do podanych kryteriów
Rozkład punktacji
Procent ludzi z każdym wynikiem
Percentyl według liczby udzielonych odpowiedzi
Twoja historia wyników
Nie rozwiązałeś tego quizu